000 00901nam a2200241Ia 4500
008 191130s1998##################000#0#eng##
020 _a9780819217745
022 _a98033529
040 _aACL
_cACL
082 _a234.16108823 STE
100 _aStevenson, Kenneth
245 _aThe mystery of baptism in the Anglican tradition
_cKenneth Stevenson
260 _aHarrisburg, PA
_bMorehouse Pub
_cc1998
300 _aviii, 214 p. ; 22 cm
500 _aIncludes bibliographical references (p. [205]-214)
650 _aAnglican Communion - Doctrines - History - 16th century
650 _aAnglican Communion - Doctrines - History - 17th century
650 _aBaptism - Anglican Communion - History of doctrines - 16th century
650 _aBaptism - Anglican Communion - History of doctrines - 17th century
990 _a7eae171cac10000c5a08ee24de16da62
991 _a99188
999 _c60011
_d60011